| 000 | 00987nas a2200301 4500 | ||
|---|---|---|---|
| 001 | BR0205260 | ||
| 003 | BR-BrBNA | ||
| 005 | 20231205103324.0 | ||
| 007 | ta | ||
| 008 | 230509b bl.|||p| |||| 00| 00por d | ||
| 040 |
_aBR-BrBNA _bpor _cBiblioteca Nacional de Agricultura |
||
| 041 | _a(Pt) | ||
| 072 | _aF01 | ||
| 100 | 1 | _aFlaresso, J.A. | |
| 100 | 1 | _aGross, C.D. | |
| 100 | 1 | _aAlmeida, E.X. de | |
| 245 | 1 | _aÉpoca e densidade de semeadura de aveia preta (Avena strigosa Schreb.>e azevém (Lolium multiflorum Lam.)no Alto Vale do Itajaí, Santa Catarina | |
| 650 | _aAZEVÉM | ||
| 650 | _aAVEIA FORRAGEIRA | ||
| 650 | _aÉPOCA DE SEMEADURA | ||
| 650 | _aDENSIDADE DE SEMEADURA | ||
| 650 | _aPRODUTIVIDADE | ||
| 650 | _aMATÉRIA SECA | ||
| 650 | _aSANTA CATARINA | ||
| 773 | 0 |
_tRevista Brasileira de Zootecnia (Brazil) _xISSN 1516-3598 _g(Nov-Dec 2001), v. 30(6)Suplemento p. 1969-1974 _wBR0205260 |
|
| 909 |
_a202311 _bLúcia _c55 _dLúcia Elande |
||
| 942 |
_2AGRIS _n0 _cANA |
||
| 999 |
_c172266 _d172266 |
||